[Event "TUR-chT 2nd League"]
[Site "Konya"]
[Date "2018.07.21"]
[Round "8.12"]
[White "Akyuz, Muhammet"]
[Black "Firinciogullari, Gurdal"]
[Result "1/2-1/2"]
[WhiteElo "1557"]
[BlackElo "1672"]
[PlyCount "81"]
[EventDate "2018.07.16"]
[EventType "team-swiss"]
[EventRounds "9"]
[EventCountry "TUR"]
[SourceTitle "EXT 2019"]
[Source "ChessBase"]
[SourceDate "2018.10.10"]
[SourceVersion "1"]
[SourceVersionDate "2018.10.10"]
[SourceQuality "1"]
[WhiteTeam "Marmara Universitesi"]
[BlackTeam "Kahramanmaras Ustad"]
[WhiteTeamCountry "TUR"]
[BlackTeamCountry "TUR"]

1. e4 d5 2. exd5 Qxd5 3. Nc3 Qd8 4. Nf3 Nf6 5. Bc4 Bg4 6. Bxf7+ Kxf7 7. Ne5+ Kg8 8. Nxg4 Nc6 9. 0-0 Qd7 10. Nxf6+ exf6 11. Ne2 Bd6 12. c3 b6 13. Qa4 Ne5 14. Qxd7 Nxd7 15. d4 Kf7 16. Be3 g5 17. Rae1 h6 18. Nc1 f5 19. Nd3 f4 20. Bd2 Rhe8 21. f3 c5 22. Rxe8 Rxe8 23. Re1 Rxe1+ 24. Nxe1 cxd4 25. cxd4 Ke6 26. Nc2 Kd5 27. b3 Nf8 28. Kf2 a5 29. Ke2 Ng6 30. Be1 Ne7 31. Kd3 Nf5 32. Bf2 h5 33. a4 Be7 34. Be1 Bf8 35. b4 axb4 36. Bxb4 Be7 37. Bc3 Bf8 38. Be1 Be7 39. Bf2 Bf8 40. Be1 Be7 41. Bf2 1/2-1/2